Greek Muses Quiz Stats

 Plays Quiz Updated Feb 11, 2020

Support Sporcle.
Go Orange.
Score 0/9 Timer 04:00
3 Plays Today
Attribution Name % Correct
Muse of epic or heroic poetryCalliope
72.8%
Muse of historyClio
72.1%
Muse of erotic poetryErato
68.1%
Muse of comedy and bucolic poetryThalia
60.2%
Muse of danceTerpsichore
58.7%
Muse of astronomyUrania
54.7%
Muse of sacred songPolyhymnia
50.1%
Muse of lyric songEuterpe
44.8%
Muse of tragedyMelpomene
44.2%

From the Vault

Geographically Closest US States: -s

by Cutthroat

Geography 60s
Five states end with 's' and we're giving you the first one for free. So how hard can it be?
Remove Ads.
Support Sporcle.
Get the best of Sporcle when you Go Orange. This ad-free experience offers more features, more stats, and more fun while also helping to support Sporcle. Thank you for becoming a member.

Show Comments

Extras

Top Quizzes Today


Score Distribution

Your Account Isn't Verified!

In order to create a playlist on Sporcle, you need to verify the email address you used during registration. Go to your Sporcle Settings to finish the process.

Report this User

Report this user for behavior that violates our Community Guidelines.

Details: